| 000 | 00864na a2200253 4500 | ||
|---|---|---|---|
| 001 | 17255 | ||
| 003 | MIRAKIL | ||
| 005 | 20181213154822.0 | ||
| 008 | 161023b tu 000 0 | ||
| 040 |
_aMilas _btur _cTR-AnCHP |
||
| 041 | _atur | ||
| 082 |
_a346.0702632 _bE41t 1958 |
||
| 090 | _a346.0702632 E41t 1958 | ||
| 100 | _aElbir, Halid Kemal | ||
| 245 |
_aTürk Ticaret Kanunu _bile Türk Ticaret Kanununun mer'iyet ve tatbik şekli hakkında kanun ve alakalı mevzuat _cHalid Kemal Elbir |
||
| 246 | _aile Türk Ticaret Kanununun meriyet ve tatbik şekli hakkında kanun ve alakalı mevzuat | ||
| 250 | _a2. bs. | ||
| 260 |
_aİstanbul _b[yayl.y.] _c1958 |
||
| 300 |
_axv, 926 s. _c17 sm. |
||
| 650 |
_aBankacılık hukuku _xKanunlar _zTürkiye |
||
| 650 |
_aTicaret hukuku _xKanunlar _zTürkiye |
||
| 657 | _aTürk Ticaret Kanunu | ||
| 942 |
_2dcc _cBKS |
||
| 999 |
_c1410 _d1410 |
||